Sacrorvm Bibliorvm Secvndvm Veterem Sev Vvlgatam Translationem, Ad Fontes Hebraici Textvs Emendata: Et Brevi Ac Perspicva Explicatione illustrata: insertis etiam praecipuis Locis Communibus, in lectione sacra obseruandis. Continetur in hac prima Parte, Genesis... Canticum Canticorum. Adivncta Svnt Etiam Singvlis Capitibvs Argvmenta, adiecto rerum & verborum praecipuè memorabilium ad finem Indice locupletissimo. Pars I.

Bibliographic Details
Main Author: Osiander, Lucas, starší, 1534-1604 (Author, Dedicator)
Corporate Author: Gruppenbach, Georg (Tübingen, Nemecko) (Printer)
Other Authors: Gruppenbach, Georg, zomrel 1610 (Printer)
Format: Book
Language:Latin
PhysicalDescription:[8], 1157, [21] strán 4° 36 cm
Published: Tubingae apud Georgium Gruppenbachium Anno M.D.XCVI. [=1596]
Subjects:

MARC

LEADER 00000nam a2200000 a 4500
001 vtls011911449
003 SK-MaSNL
005 20260301102358.0
008 251112 1596 gw 001 0 lat
015 |a SNBHFA1596 
040 |a SNKHF  |b slo  |c SNKHF  |e AACR2 
041 |a lat 
044 |a gw  |c DE 
072 7 |a 2-23/-27  |x Biblia. Biblistika  |2 konspekt 
080 |a 2-27  |2 2011 
080 |a 2-1  |2 2011 
100 1 |a Osiander, Lucas,  |c starší,  |d 1534-1604  |4 aut  |4 dto  |9 129546 
245 1 0 |a Sacrorvm Bibliorvm Secvndvm Veterem Sev Vvlgatam Translationem, Ad Fontes Hebraici Textvs Emendata: Et Brevi Ac Perspicva Explicatione illustrata: insertis etiam praecipuis Locis Communibus, in lectione sacra obseruandis. Continetur in hac prima Parte, Genesis... Canticum Canticorum. Adivncta Svnt Etiam Singvlis Capitibvs Argvmenta, adiecto rerum & verborum praecipuè memorabilium ad finem Indice locupletissimo.  |n Pars I.  |c Lukas Osiander D. 
260 |a Tubingae  |b apud Georgium Gruppenbachium  |c Anno M.D.XCVI. [=1596]  |g Anno M.D.XCVII. [=1597] 
300 |a [8], 1157, [21] strán  |c 4°  |c 36 cm 
500 |a Signet, vinety, iniciálky s ornamentálnym a figurálnym pozadím v rámčeku a vo voľnom priestore na 4-7 riadkov, kustódy 
508 |a Dedikácia: Ludwig - knieža z Württembergu; Tübingen - akadémia; Osiander, Lukas St. 
510 4 |a VD 16 ZV/21018 
546 |a Latinčina  |b Kurzíva 
561 |a Z knižnice františkánov v Bratislave.  |5 SNK IB 73914/1 
561 |a Proveniencia: Haeretica Biblia.  |5 SNK IB 73914/1 
563 |a Väzba: pôvodná, renesančná, bledohnedá koža s ornamentálnou a figurálnou slepotlačou, chrbát červený, poškodené spony.  |5 SNK IB 73914/1 
650 0 7 |a biblistika  |2 SNKPH  |9 1798 
650 0 7 |a teológia  |2 SNKPH  |9 1814 
700 1 |a Gruppenbach, Georg,  |d zomrel 1610  |4 prt  |9 128022 
700 0 |a Ludwig,  |c württemberské knieža a montbéliardský gróf,  |d 1554-1593  |4 hnr  |9 213773 
710 1 |a Františkáni (Bratislava, Slovensko)  |4 fmo  |9 281881 
710 0 |a Gruppenbach, Georg (Tübingen, Nemecko),  |d 1571-1608  |4 prt  |9 348641 
752 |a Nemecko  |d Tübingen 
852 |a snk  |b Historické fondy  |p IB 73914/1 
999 |c 692016  |d 693946 
952 |t Fr Ba 10 267/1  |a SNK  |b SNK  |c SNK_HF  |y PREZ  |7 0  |p 17A1357504  |o snkIB 73914/1  |i snk2020/917  |8 5  |0 0  |1 0  |4 0  |d 2020-01-16  |l 0  |r 2026-02-23 20:30:37  |w 2026-02-23